000 00679cam a2200241 4500500
005 20260405002053.0
041 _afre
042 _adc
100 1 0 _aLegros, Martin
_eauthor
245 0 0 _aMatière à penser / octobre 2015
260 _c2015.
500 _a46
690 _aEurope
690 _aLawrence Lessig
690 _aMigration
690 _aPeter Boghossian
690 _aPiketty
690 _aréfugiés
690 _aTaxe
690 _aTaxe cognitive
786 0 _nPhilosophie magazine | 93 | 10 | 2015-10-01 | p. 10-10 | 1951-1787
856 4 1 _uhttps://shs.cairn.info/magazine-philosophie-magazine-2015-10-page-10?lang=fr&redirect-ssocas=7080
999 _c2053915
_d2053915